ARRUPE JESUIT UNIVERSITY

CORONAVIRUS -STOP THE SPREAD - CLEAN,DISINFECT,COVER

Southern mail and Night flight (Record no. 119494)

MARC details
000 -LEADER
fixed length control field 00389nam a22001337a 4500
008 - FIXED-LENGTH DATA ELEMENTS--GENERAL INFORMATION
fixed length control field 131220b xxu||||| |||| 00| 0 eng d
020 ## - INTERNATIONAL STANDARD BOOK NUMBER
International Standard Book Number 0140041702
050 ## - LIBRARY OF CONGRESS CALL NUMBER
Classification number PQ2651.A274S6
100 ## - MAIN ENTRY--PERSONAL NAME
Personal name Saint-Exupery
9 (RLIN) 6489
245 ## - TITLE STATEMENT
Title Southern mail and Night flight
Statement of responsibility, etc Saint-Exupery, Antoine de
260 ## - PUBLICATION, DISTRIBUTION, ETC. (IMPRINT)
Place of publication, distribution, etc Harmondsworth
Name of publisher, distributor, etc Penguin Books
Date of publication, distribution, etc 1976
300 ## - PHYSICAL DESCRIPTION
Extent 174p.;
Dimensions 18cm
942 ## - ADDED ENTRY ELEMENTS (KOHA)
Source of classification or shelving scheme Library of Congress Classification
Item type Monograph ( Printed materials)
Holdings
Withdrawn status Lost status Source of classification or shelving scheme Damaged status Not for loan Home library Current library Date acquired Total Checkouts Full call number Barcode Date last seen Price effective from Koha item type
    Library of Congress Classification     ARRUPE LIBRARY ARRUPE LIBRARY 20/12/2013   PQ2651.A274S6 464122879 26/03/2019 20/12/2013 Monograph ( Printed materials)

 

Arrupe Library. PO Box MP320 Mt Pleasant, Harare, Zimbabwe
263 242 745411|librarian@aju.ac.zw